| 000 | 00561 a2200205 4500 | ||
|---|---|---|---|
| 005 | 20260313121107.0 | ||
| 008 | 260312b |||||||| |||| 00| 0 eng d | ||
| 020 |
_a9789356939042 _cRs. 825.00 |
||
| 040 | _aMAIN | ||
| 082 |
_a658.315 _bS74I(12) |
||
| 100 | _aSharma, A M | ||
| 245 | _aIndustrial relations: Conceptual and legal framework | ||
| 250 | _a12th | ||
| 260 |
_bHimalaya Publishing House _c2023 _aMumbai |
||
| 300 | _a644 | ||
| 650 | _aManagement | ||
| 650 | _aLabor Management Relations | ||
| 650 | _aIndustrial Relations | ||
| 942 | _cBK | ||
| 999 |
_c396924 _d396924 |
||